000 00584cam a2200217 4500
001 1709531
005 20171220074708.0
008 710921s1971 nyua b 001 0 eng
010 _a 70137799
020 _a0060404973(pbk)
040 _aDLC
_cDLC
_dDLC
041 _aeng
080 _a155.633 BAR
082 0 0 _a155.633 BAR
100 1 _a48
101 _aPSI
245 1 0 _aPsychology of women;
_c[by] Judith M. Bardwick.
504 _aBibliography: p. 219-238.
906 _a7
_bcbc
_corignew
_d2
_encip
_f19
_gy-gencatlg
942 _2ddc
_cBK
999 _c39232
_d39232